A guide to sustaining rural infrastructure investment (Record no. 542454)
[ view plain ]
| 000 -LEADER | |
|---|---|
| fixed length control field | 00339nam a22001217a 4500 |
| 082 ## - DEWEY DECIMAL CLASSIFICATION NUMBER | |
| Classification number | 307.1216 |
| Author Mark | GUI |
| -- | D |
| 245 ## - TITLE STATEMENT | |
| Title | A guide to sustaining rural infrastructure investment |
| Statement of responsibility, etc. | Lary schroeder |
| 260 ## - PUBLICATION, DISTRIBUTION, ETC. | |
| Place of publication, distribution, etc. | Washington.: |
| Name of publisher, distributor, etc. | ARD. |
| Date of publication, distribution, etc. | 1994 |
| 300 ## - PHYSICAL DESCRIPTION | |
| Extent | i,36p. |
| 526 ## - STUDY PROGRAM INFORMATION NOTE | |
| Program name | 0 |
| Interest level | 0 |
| Reading level | 0 |
| Title point value | 307_121600000000000_GUI |
| 650 ## - SUBJECT ADDED ENTRY--TOPICAL TERM | |
| Topical term or geographic name entry element | MCE |
| 9 (RLIN) | 379 |
| 942 ## - ADDED ENTRY ELEMENTS (KOHA) | |
| Source of classification or shelving scheme | |
| Koha item type | Book |
| Withdrawn status | Lost status | Source of classification or shelving scheme | Damaged status | Not for loan | Permanent Location | Current Location | Date acquired | Total Checkouts | Full call number | Barcode | Date last seen | Price effective from | Koha item type |
|---|---|---|---|---|---|---|---|---|---|---|---|---|---|
| Military College of Engineering (MCE) | Military College of Engineering (MCE) | 12/23/2013 | 307.1216 GUI | MCE-42543 | 12/23/2013 | 12/23/2013 | Book |
